000 00540nam a2200229Ia 4500
003 OSt
005 20221005122817.0
006 a|||||r|||| 00| 0
007 ta
008 221004b |||||||| |||| 00| 0 ara d
024 _a69754
037 _cTextual
040 _aCRL
_cCRL
_bara
041 _2ara
_aara
082 _aV5, 28G6
100 _aCornelius Au.
_9632653
245 0 _aKashf al qana
260 _c1936
650 _aHISTORY
942 _hV5, 28G6
_cTEXL
_2cc
999 _c1045456
_d1045456